000 00573nam a2200169 a 4500
001 000038032
005 20201002031148.0
008 130312s2012 dr a 000 0 spa d
020 _a9789945869682
040 _aDO-SdBNP
_bspa
_cBNPHU
110 1 _aRepública Dominicana
_bMinisterio de Economía
_964430
245 1 0 _aGasto social y desarrollo local.
260 _aSanto Domingo :
_bFondo para el Fomento de la Investigación Económica y Social,
_c2012.
300 _a489 p. :
_bils. ;
_c26 cm.
500 _aIncluye notas al pie de las páginas
504 _aBbiliografía
999 _c37522
_d37522